| 000 | 01730nam a2200397 a 4500 | ||
|---|---|---|---|
| 001 | ebr10690526 | ||
| 003 | CaPaEBR | ||
| 006 | m u | ||
| 007 | cr cn||||||||| | ||
| 008 | 050114s2005 wau sb 001 0 eng d | ||
| 010 | _z 2005000373 | ||
| 020 | _z0295984899 (pbk. : alk. paper) | ||
| 020 | _z9780295984896 | ||
| 020 | _z9780295803661 (e-book) | ||
| 040 |
_aCaPaEBR _cCaPaEBR |
||
| 035 | _a(OCoLC)841171087 | ||
| 050 | 1 | 4 |
_aJC585 _b.I59 2005eb |
| 082 | 0 | 4 |
_a323.44/5 _222 |
| 245 | 0 | 0 |
_aInformation ethics _h[electronic resource] : _bprivacy, property, and power / _cedited by Adam D. Moore. |
| 250 | _a1st ed. | ||
| 260 |
_aSeattle : _bUniversity of Washington Press, _cc2005. |
||
| 300 | _a455 p. | ||
| 504 | _aIncludes bibliographical references and index. | ||
| 505 | 0 | _apt. I. An ethical framework for analysis -- pt. II. Intellectual property : moral and legal concerns -- pt. III. Privacy and information control -- pt. IV. Freedom of speech and information control -- pt. V. Governmental and societal control of information. | |
| 533 |
_aElectronic reproduction. _bPalo Alto, Calif. : _cebrary, _d2013. _nAvailable via World Wide Web. _nAccess may be limited to ebrary affiliated libraries. |
||
| 650 | 0 | _aFreedom of information. | |
| 650 | 0 | _aInformation society. | |
| 650 | 0 | _aIntellectual property. | |
| 650 | 0 | _aPrivacy, Right of. | |
| 650 | 0 |
_aCommunication _xMoral and ethical aspects. |
|
| 650 | 0 |
_aInformation technology _xSocial aspects. |
|
| 655 | 7 |
_aElectronic books. _2local |
|
| 700 | 1 |
_aMoore, Adam D., _d1965- |
|
| 710 | 2 | _aebrary, Inc. | |
| 856 | 4 | 0 |
_uhttp://site.ebrary.com/lib/rucke/Doc?id=10690526 _zAn electronic book accessible through the World Wide Web; click to view |
| 999 |
_c26591 _d26591 |
||